| 000 | 00345nam a2200145Ia 4500 | ||
|---|---|---|---|
| 008 | 230917s9999||||xx |||||||||||||| ||und|| | ||
| 040 |
_e200989 _aMAIN |
||
| 041 | _aEnglish | ||
| 082 | _a320.9546 S23K | ||
| 100 | _aSharma, B L | ||
| 245 | 0 | _aKashmir story | |
| 260 |
_aBombay _bAsia Publishing House _c1967 |
||
| 300 | _a271 p. | ||
| 942 | _cBK | ||
| 999 |
_c167405 _d167405 |
||